| 000 | 01167cam a2200289 4500 | ||
|---|---|---|---|
| 001 | ABS63378 | ||
| 008 | 000000n2001 000 0 eng u | ||
| 035 | _a(Sirsi) u110778 | ||
| 110 |
_aDavis Langdon and Everest _91155 |
||
| 245 | _aTender price forecast | ||
| 260 | _c2001 | ||
| 490 |
_aBuilding _v266(8167) 2 February 2001, 70-72(3) |
||
| 520 | _aAn analysis of tender prices for both the last quarter of 2000 and over the longer term. The rising number of orders and labour shortage led to increase of 3% in prices between October and December and the forecast is for this trend to continue through 2001. Considers output and new orders, workload, contracting trends, labour rates, the cost of materials and regional markets. | ||
| 590 | _aABS | ||
| 650 | _aBUILDING COST INDEX | ||
| 650 | _aBUILT ENVIRONMENT-BUILDING COSTS | ||
| 650 | _aCONSTRUCTION COSTS | ||
| 650 | _aELECTRICAL COST INDEX | ||
| 650 | _aFORECASTS | ||
| 650 | _aLABOUR COSTS | ||
| 650 | _aMECHANICAL COST INDEX | ||
| 650 | _aBCIS ALL-IN TENDER PRICE INDEX | ||
| 650 | _aTENDER PRICES | ||
| 650 | _aTENDERING | ||
| 690 | _aBUILT ENVIRONMENT-BUILDING COSTS | ||
| 942 | _n0 | ||
| 999 |
_c66036 _d66036 |
||